COD: Black Ops Maps - Statistics

General Stats
  • This quiz has been taken 1,994 times
    1,991 since last reset
  • The average score is 8 of 14
Answer Stats
Hint Answer % Correct
N Nuke Town
92%
F Firing Range
73%
J Jungle
70%
W WMD
66%
S Summit
65%
A Array
64%
H Havana
58%
H Hanoi
57%
L Launch
50%
V Villa
46%
R Radiation
45%
C Cracked
41%
G Grid
40%
C Crisis
37%
No matching quizzes found
Score Distribution
Percent of People with Each Score
Percentile by Number Answered
Your Score History
You have not taken this quiz since the last reset